000 00670nam a2200181Ia 4500
008 100920s9999 xx 000 0 und d
082 _b95580
_a--- न 06
100 _aअनु. हुद्दार मधुकर./ चेस हॅडली जेम्स
245 _aग्लेन हिल मर्डर.
260 _bगीता एजन्सीज्र, सोलापूर.
_c2006
300 _a172
_bसाधी
365 _b165
520 _aकादंबरी.
630 _aग्लेन हिल मर्डर.
650 _aकादंबरी.
730 _aग्लेन हिल मर्डर.
942 _cBOOK
999 _c736022
_d736019